Normal view
MARC view
- Muhammad Ishtiaq Qadri.
Entry Personal Name
001 - CONTROL NUMBER
- control field: 19515
003 - CONTROL NUMBER IDENTIFIER
- control field: NUST
005 - DATE AND TIME OF LATEST TRANSACTION
- control field: 20190826054841.0
008 - FIXED-LENGTH DATA ELEMENTS
- fixed length control field: 190826|| aca||aabn | a|a d
040 ## - CATALOGING SOURCE
- Original cataloging agency: NUST
- Transcribing agency: NUST
100 ## - HEADING--PERSONAL NAME
- Personal name: Muhammad Ishtiaq Qadri.
670 ## - SOURCE DATA FOUND
- Source citation: Work cat.: (NUST): Fatima, Kaneez 19514, Characterization of Pakistani HCV Genotype 3a NS3 Protease:, 2011.
